| 000 | 00816cam a2200217 4500 | ||
|---|---|---|---|
| 001 | WB3614-23 | ||
| 008 | 000000n2000 000 0 eng u | ||
| 035 | _a(Sirsi) u105185 | ||
| 245 | _aDilemma over human rights | ||
| 260 | _c2000 | ||
| 490 |
_aPlanning (for the Natural and Built Environment) _v(1362) 31 March 2000, 2(1) |
||
| 520 | _aThe Local Government Association has called for government guidance on the implications of the Human Rights Act for interested parities wishing to object to planning applications. | ||
| 590 | _aWB | ||
| 650 | _aHUMAN RIGHTS ACT 1998 | ||
| 650 | _aLOCAL GOVERNMENT ASSOCIATION | ||
| 650 | _aPLANNING APPLICATIONS | ||
| 650 | _aPLANNING PROCESS | ||
| 650 | _aTHIRD PARTY RIGHTS | ||
| 690 | _aENVIRONMENTAL AND LAND CONSULTANCY-PLANNING AND DEVELOPMENT | ||
| 942 | _n0 | ||
| 999 |
_c63081 _d63081 |
||